[Event "Omsk CC-ch sf"]
[Site "Omsk"]
[Date "2010.08.07"]
[Round "4"]
[White "Ratushny, Grigory"]
[Black "Abdulmanov, Marat"]
[Result "1-0"]
[WhiteElo "1926"]
[BlackElo "2080"]
[PlyCount "53"]
[EventDate "2010.08.01"]
[EventType "swiss"]
[EventRounds "9"]
[EventCountry "RUS"]
[SourceTitle "EXT 2012"]
[Source "ChessBase"]
[SourceDate "2011.11.24"]
[SourceVersion "1"]
[SourceVersionDate "2011.11.24"]
[SourceQuality "1"]

1. d4 d5 2. c4 dxc4 3. Nc3 e5 4. d5 c6 5. e4 Bb4 6. Bxc4 Nf6 7. Bg5 Qa5 8. Bd2 Qc5 9. Qe2 cxd5 10. exd5 0-0 11. 0-0-0 e4 12. a3 Bxa3 13. bxa3 Bg4 14. f3 exf3 15. gxf3 Qxa3+ 16. Kc2 Bf5+ 17. Bd3 Na6 18. Rb1 Bxd3+ 19. Qxd3 Nb4+ 20. Rxb4 Qxb4 21. Nge2 Rac8 22. Rb1 Qc5 23. Be3 Qa5 24. Rb5 Qa6 25. Kd2 b6 26. Nd4 Nd7 27. f4 1-0